Guía bibliográfica para el estudio de la literatura de los Estados Unidos /

Guardado en:
Detalles Bibliográficos
Autor principal: Manuel Cuenca, Carme (autor)
Formato: Libro
Idioma:Español
Publicado: Valencia, España : Universidad de Valencia, 2001, c2001
Temas:
Etiquetas: Agrega una etiqueta
Sin etiquetas, Sé el primero en etiquetar este registro!

MARC

LEADER 00000nam^a2200000^a^4500
001 000170210
005 20250521000000.0
009 20260310101303.75
020 |a 84-370-5341-2 
037 |a Acervo ITESO - Biblioteca 
041 |a ESP 
082 |a 810. 9  |b MAN 
100 |a Manuel Cuenca, Carme  |e (autor) 
245 1 0 |a Guía bibliográfica para el estudio de la literatura de los Estados Unidos /  |c C. Manuel Cuenca. 
264 4 |a Valencia, España :  |b Universidad de Valencia,  |c 2001, c2001 
300 |a 298 p. 
336 |a texto  |b txt  |2 rdacontenido 
337 |a sin mediación  |b n  |2 rdamedio 
338 |a volumen  |b nc  |2 rdasoporte 
649 |a XX 
650 |a Literatura Norteamericana -  |x Bibliografías 
650 |a EUA -  |x Bibliografías 
650 |a Bibliografías 
910 |a Fondo General 
920 |a Impresos - Libros 
930 |a Obras de Referencia 
940 |a Literatura 
905 |a 102 
901 |a 0500107331  |b IT2  |c REF  |u 20250521 
902 |a https://opac.biblio.iteso.mx/vufind/Record/000170210